000 00333 a2200157 4500
001 46414
020 _a9788575750124
040 _cAnchieta - Aquarius
240 1 0 _a#A Bela e a Fera
_lpor
245 1 0 _a#A Bela e a Fera
300 _a16
362 0 _a2003
440 1 _aGoal
650 4 _aLiteratura infanto-juvenil
942 _cBK
999 _c46414
_d46414